Score 0/5 Timer 01:30
0 Plays Today
% Correct
University of Massachusetts Boston
94.8%
University of Massachusetts Amherst
86.6%
University of Massachusetts Lowell
71.2%
University of Massachusetts Dartmouth
57%
University of Massachusetts Medical School
49.1%
Remove Ads.
Support Sporcle.
Get the best of Sporcle when you Go Orange. This ad-free experience offers more features, more stats, and more fun while also helping to support Sporcle. Thank you for becoming a member.

You're not logged in!

Compare scores with friends on all Sporcle quizzes.
OR
Log In

Show Comments

Extras

Top Quizzes Today


Score Distribution

Your Account Isn't Verified!

In order to create a playlist on Sporcle, you need to verify the email address you used during registration. Go to your Sporcle Settings to finish the process.

Report this User

Report this user for behavior that violates our Community Guidelines.

Details: